Quan hệ VN-Hoa Kỳ trên lĩnh vực an ninh -đối ngoại giai đoạn 1995-2012 /

Tong quan ve quan he Viet nam-Hoa Ky trong lich su.Thuc tien quan he Viet nam-Hoa Ky tren linh vuc an ninh -doi ngoai giai doan 1995-2012.Trien vong quan he Viet nam-Hoa Ky tren linh vuc an ninh doi ngoai trong tuong tuong lai.

Na minha lista:
Detalhes bibliográficos
Autor principal: Vũ Ngọc Trâm
Formato: Tese
Idioma:Vietnamese
Publicado em: ĐHĐN-Trương ĐH ngoai ngữ, 2013.
Assuntos:
Tags: Adicionar Tag
Sem tags, seja o primeiro a adicionar uma tag!
Thư viện lưu trữ: Mạng thư viện Đại học Đà Nẵng
LEADER 01690na a2200385 4500
001 000031276
003 5915
005 20230413141757.0
008 151001s2013 000 vie
040 |a LNN 
041 |a vie 
082 |a 959.730348  |b VU-T 
100 |a Vũ Ngọc Trâm 
245 0 |a Quan hệ VN-Hoa Kỳ trên lĩnh vực an ninh -đối ngoại giai đoạn 1995-2012 /  |c Vũ Ngọc Trâm. 
246 |a Luan văn tot nghiep 
260 |b ĐHĐN-Trương ĐH ngoai ngữ,  |c 2013. 
300 |a 30cm. :  |b 63 tr;. 
500 |a Luan văn tot nghiep 
502 |a Khoa Quoc Te Hoc 
520 |a Tong quan ve quan he Viet nam-Hoa Ky trong lich su.Thuc tien quan he Viet nam-Hoa Ky tren linh vuc an ninh -doi ngoai giai doan 1995-2012.Trien vong quan he Viet nam-Hoa Ky tren linh vuc an ninh doi ngoai trong tuong tuong lai. 
650 |a Quan hệ VN-Hoa Kỳ .  |b VN-Hoa Kỳ trên lĩnh vực an ninh -đối ngoại giai đoạn 1995-2012 
653 |a Vu Ngoc Tram,2013,Quan hệ VN-Hoa Kỳ trên lĩnh vực an ninh -đối ngoại giai đoạn 1995-2012 / 
852 |c Luận văn sinh vien QTH 
OWN |a LNN 
AVA |a UDN50  |b LNN  |d 959.730348 VU-T  |e available  |t Error 5001 Not defined in file expand_doc_bib_avail.  |f 3  |g 0  |h N  |i 0 
999 |a From the UDN01 
AVA |a UDN50  |b LNN  |d 959.730348 VU-T  |e available  |t Error 5001 Not defined in file expand_doc_bib_avail.  |f 3  |g 0  |h N  |i 0 
TYP |a Dissertation 
TYP |a Printed language 
980 |a Mạng thư viện Đại học Đà Nẵng